Cities of Asia & Oceania - Statistics

General Stats
  • This quiz has been taken 11 times
    10 since last reset
  • The average score is 3 of 6
Answer Stats
Question Answer % Correct
What is the city with the largest population in Asia & Oceania? Tokyo
89%
Which of the following is not a capital Aden
78%
Which was the first city to have 15 million people? Tokyo
56%
Which city has the highest city proper population? Chongqing
44%
Which of the following is northernmost? Nur-Sultan
44%
Which of the following is southernmost? Ho Chi Minh City
11%
No matching quizzes found
Score Distribution
Percent of People with Each Score
Percentile by Number Answered
Your Score History
You have not taken this quiz since the last reset